| 000 | 01369pam a2200397 a 4500 | ||
|---|---|---|---|
| 001 | 9068 | ||
| 003 | FISKH | ||
| 005 | 20251118151216.0 | ||
| 008 | 900727s1992 nyua j 000 0beng | ||
| 010 | _a 90044112 | ||
| 020 | _a0060226064 : | ||
| 020 | _a9780064433747 | ||
| 020 |
_a0060226072 _qlib. bdg. |
||
| 020 | _a9780060226060 | ||
| 020 |
_a9780060226077 _q(lib. bdg.) |
||
| 035 | _a4835830 | ||
| 040 |
_aDLC _cDLC _dDLC _beng |
||
| 050 | 0 | 0 |
_aLA2317.H78 _bH68 1992 |
| 082 | 0 | 0 |
_a371.1/0092 _aB _220 |
| 100 | 1 | _aHouston, Gloria. | |
| 245 | 1 | 0 |
_aMy great-aunt Arizona / _cby Gloria Houston ; illustrated by Susan Condie Lamb. |
| 260 |
_aNew York : _bHarperCollinsPublishers, _c1992. |
||
| 300 |
_a32 unnumbered pages : _bcolor illustrations ; _c22 x 26 cm |
||
| 505 | _aR | ||
| 520 | _aAn Appalachian girl, Arizona Houston Hughes, grows up to become a teacher who influences generations of schoolchildren. | ||
| 521 | 8 |
_a660
_bLexile |
|
| 521 | 8 |
_aR
_bRaz-Plus |
|
| 600 | 1 | 0 |
_aHughes, Arizona Houston, _b1876-1969 _xJuvenile literature. |
| 600 | 1 | 1 |
_aHughes, Arizona Houston, _b1876-1969. |
| 650 | 0 |
_aTeachers _zAppalachian Region _xBiography. _xJuvenile literature. |
|
| 650 | 1 | _aTeachers. | |
| 700 | 1 |
_aLamb, Susan Condie, _eillustrator |
|
| 906 |
_a7 _bcbc _corignew _d1 _eocip _f19 _gy-gencatlg |
||
| 942 |
_2ddc _cBK _n0 |
||
| 999 |
_c9068 _d9068 |
||